Методическая готовность преподавателей высшей школы к реализации компентентностного подхода; Коммуникативные аспекты языка и культуры; Ч. 1

Dades bibliogràfiques
Parent link:Коммуникативные аспекты языка и культуры: сборник материалов XII Международной научно-практической конференции студентов и молодых ученых, г. Томск, 16-18 мая 2012 г./ Национальный исследовательский Томский политехнический университет (ТПУ), Институт международного образования и языковой коммуникации (ИМОЯК) ; под ред. С. А. Песоцкой.— , 2012
Ч. 1.— 2012.— [С. 146-149]
Autor principal: Полонская М. С. Марина Сергеевна
Autor corporatiu: Национальный исследовательский Томский политехнический университет (ТПУ) Институт развития стратегического партнерства и компетенций (ИСПК) Кафедра методики преподавания иностранных языков (МПИЯ)
Altres autors: Сивицкая Л. А. Людмила Анатольевна
Sumari:Заглавие с титульного листа.
Электронная версия печатной публикации.
Idioma:rus
Publicat: 2012
Col·lecció:Методика преподавания иностранных языков: инновации и традиции
Matèries:
Accés en línia:http://www.lib.tpu.ru/fulltext/c/2012/C77/V1/032.pdf
Format: Electrònic Capítol de llibre
KOHA link:https://koha.lib.tpu.ru/cgi-bin/koha/opac-detail.pl?biblionumber=608259

MARC

LEADER 00000naa2a2200000 4500
001 608259
005 20260318162042.0
035 |a (RuTPU)RU\TPU\conf\5689 
035 |a RU\TPU\conf\5687 
090 |a 608259 
100 |a 20140924d2012 k y0rusy50 ca 
101 0 |a rus 
102 |a RU 
135 |a drcn ---uucaa 
181 0 |a i  
182 0 |a b 
200 1 |a Методическая готовность преподавателей высшей школы к реализации компентентностного подхода   |f М. С. Полонская, Л. А. Сивицкая 
203 |a Текст  |c электронный 
215 |a 1 файл (108 Кб) 
225 1 |a Методика преподавания иностранных языков: инновации и традиции 
300 |a Заглавие с титульного листа. 
300 |a Электронная версия печатной публикации. 
320 |a [Библиогр.: с. 149 (4 назв.)] 
337 |a Adobe Reader 
461 1 |0 (RuTPU)RU\TPU\conf\4597  |t Коммуникативные аспекты языка и культуры  |o сборник материалов XII Международной научно-практической конференции студентов и молодых ученых, г. Томск, 16-18 мая 2012 г.  |o в 3 ч.  |f Национальный исследовательский Томский политехнический университет (ТПУ), Институт международного образования и языковой коммуникации (ИМОЯК) ; под ред. С. А. Песоцкой  |d 2012 
463 0 |0 (RuTPU)RU\TPU\conf\4599  |t Ч. 1  |v [С. 146-149]  |d 2012 
610 1 |a электронный ресурс 
610 1 |a труды учёных ТПУ 
610 1 |a высшее профессиональное образование 
610 1 |a преподаватели 
610 1 |a высшая школа 
610 1 |a методическая деятельность 
610 1 |a компетентностный подход 
700 1 |a Полонская  |b М. С.  |c лингвист  |c старший преподаватель Томского политехнического университета  |f 1979-  |g Марина Сергеевна  |3 (RuTPU)RU\TPU\pers\30461  |9 14786 
701 1 |a Сивицкая  |b Л. А.  |c лингвист, специалист в области методики преподавания иностранных языков  |c доцент Томского политехнического университета  |g Людмила Анатольевна  |3 (RuTPU)RU\TPU\pers\24744 
712 0 2 |a Национальный исследовательский Томский политехнический университет (ТПУ)  |b Институт развития стратегического партнерства и компетенций (ИСПК)  |b Кафедра методики преподавания иностранных языков (МПИЯ)  |3 (RuTPU)RU\TPU\col\18976 
801 1 |a RU  |b 63413507  |c 20140902 
801 2 |a RU  |b 63413507  |c 20160122  |g RCR 
856 4 |u http://www.lib.tpu.ru/fulltext/c/2012/C77/V1/032.pdf 
942 |c BK